| 000 | 00753nam a2200253Ia 4500 | ||
|---|---|---|---|
| 003 | GCL | ||
| 008 | 140319s9999 xx 000 0 ara d | ||
| 040 |
_aGCL / _cGCL |
||
| 082 | 0 | 4 |
_a410 _bا ل |
| 100 | 1 | _aاحمد طاهر حسنين | |
| 245 | 1 | 0 |
_aاللغة العربية فى حقول التخصص / _cاحمد طاهر حسنين |
| 260 |
_a[S.N] : _bجامعة الامارات العربية ، _c1991 |
||
| 300 | _aمتعددة الترقيم | ||
| 490 | _a | ||
| 650 | 0 | 4 | _aالاسلام |
| 650 | 0 | 4 | _aالفلسفة |
| 650 | 0 | 4 | _aاللغات |
| 650 | 0 | 4 | _aاللغة العربية |
| 650 | 0 | 4 | _aالتاريخ |
| 650 | 0 | 4 | _aالاجتماع |
| 650 | 0 | 4 | _aالجغرافيا |
| 650 | 0 | 4 | _aالاعلام |
| 942 |
_2ddc _cBK |
||
| 999 |
_c30061 _d30061 |
||